| 000 | 00827nam a2200229 a 4500 | ||
|---|---|---|---|
| 001 | 000041509 | ||
| 005 | 20201002034943.0 | ||
| 008 | 131009s1996 sp 000 0 spa d | ||
| 020 | _a8400076044 | ||
| 040 |
_aDO-SdBNP _bspa _cBNPHU |
||
| 082 |
_axxx _bR364,F |
||
| 100 | 1 |
_aRein, Raanan _d1960- _968216 |
|
| 245 | 1 | 0 |
_aFranco, Israel y los Judíos / _cRaanan Rein ; pról. Shlomó Ben-Amí. |
| 260 |
_aMadrid : _bConsejo Superior de Investigaciones Científicas, _c1996. |
||
| 300 |
_a348 p. ; _c21 cm. |
||
| 490 | 1 |
_aMonografías _v17 |
|
| 500 | _aIncluye datos biográficos del autor en la solapa de la cubierta. | ||
| 500 | _aIncluye referencias bibliográficas y notas al pie de las páginas. | ||
| 504 | _aBibliografía: p. 339-348 | ||
| 700 | 1 | 2 |
_aBen-Amí, Shlomó _epról. _968217 |
| 830 | 0 |
_aMonografías _n17 _968218 |
|
| 999 |
_c40999 _d40999 |
||